Deutsche Landtagsgebäude - Statistiken

Allgemein
  • Dieses Quiz wurde 49 mal gespielt
  • Das Durchschnittsergebnis liegt bei 11 aus 16
Antwortstatistiken
Bildquiz Antwort % Korrekt
Hamburg
84%
Mecklenburg-Vorpommern
77%
Bayern
73%
Hessen
68%
Rheinland-Pfalz
68%
Sachsen
68%
Baden-Wurttemberg
66%
Niedersachsen
66%
Saarland
66%
Berlin
64%
Brandenburg
64%
Nordrhein-Westfalen
64%
Sachsen-Anhalt
61%
Schleswig-Holstein
61%
Bremen
59%
Thüringen
55%
Keine übereinstimmenden Quizze gefunden
Verteilung der Resultate
Anzahl Personen mit jedem Resultat
Perzentil nach korrekt beantworteten Fragen
Ihre Resultats-Entwicklung
Sie haben dieses Quiz noch nicht gespielt